| 000 | 00789nam a22002657a 4500 | ||
|---|---|---|---|
| 003 | BUBTL | ||
| 008 | 130505b xxu||||| |||| 00| 0 eng d | ||
| 024 | _cAvailable | ||
| 037 | _cAvailable | ||
| 040 |
_aMBSTU LIBRARY _dMBSTU LIBRARY |
||
| 082 |
_222 _a345.05/ H929l/ 2003 |
||
| 100 |
_aHaq, Al- Haj Zahirul _94574 |
||
| 245 |
_aLaw and practice of criminal procedure/ _bAl-Haj Zahirul Huq |
||
| 250 | _a8th | ||
| 260 |
_aDhaka _bBangladesh Law Book Company. _cc2003 |
||
| 270 |
_aDhaka _bDhaka _dBangladesh |
||
| 300 |
_a[xxviii], 1096p. : _b22cm. _f3 |
||
| 365 |
_b800.00 _d800.00 |
||
| 600 |
_aCriminal law. _94575 |
||
| 650 | _2Criminal law. | ||
| 700 |
_aHaq, Zahirul. _94576 |
||
| 856 |
_k0 _l0 _yDownload |
||
| 942 |
_2ddc _cBK |
||
| 999 |
_c298 _d298 |
||